01320nam a2200349 a 4500001001000000003000500010005001700015008004100032010001100073011001100084020001800095040000900113090001100122100004600133245018600179260003800365300002900403590004000432590004000472650003500512650003900547650004800586650004000634650004000674700004100714700004800755901000700803942000700810942000600817999001900823952012800842000110806CHAP20220329144147.0141007s2013 mx |s| ||||||spa d a107268 a108240 a9786071203144 cCHAP aCD-44000aSalas González, José María.910130510aDiagnóstico del sector pecuario en el Estado de Guanajuatoh[Disco compacto]cpor José María Salas González, Leticia Myriam Sagarnaga Villegas y Fernando González Cerón. aChapingo, Méx. :bUACH.,c2013. a1 CD ROM ;c4 3/4 plg. . aE5765TAJb05c20141007lUCH01h0849 aE5765TAJb05c20141007lUCH01h084914aCarne de resxMercadeo.91921014aCarne de resxProducción.91922214aGanado vacunoxMercadeozGuanajuato.94548914aGanado vacunoxProducción.94550614aGanado vacunoxRendimiento.91264730 aGonzález Cerón, Fernando.9487830 aSagarnaga Villegas, Leticia Myriam.9101176 aBK cCD n0 c107268d107268 00104054718MMaBCbBCd2014-10-07fCDl0oCD-440p33724002400132r2019-12-31 00:00:00w2019-12-31yCDzRecien adquirido